[Event "Zagreb GP U16"]
[Site "Zagreb"]
[Date "2013.05.28"]
[Round "4"]
[White "Baljak, Emma"]
[Black "Medak, Mirta"]
[Result "0-1"]
[WhiteElo "1645"]
[BlackElo "1600"]
[PlyCount "42"]
[EventDate "2013.05.26"]
[EventType "swiss"]
[EventRounds "6"]
[EventCountry "CRO"]
[SourceTitle "CBM 154 Extra"]
[Source "ChessBase"]
[SourceDate "2013.06.25"]
[SourceVersion "2"]
[SourceVersionDate "2013.06.25"]
[SourceQuality "1"]

1. e4 e5 2. Bc4 Nf6 3. Nc3 Bc5 4. Nf3 Nc6 5. 0-0 0-0 6. d3 d6 7. Qe1 Bg4 8. Qe2 Nd4 9. Qd1 Bxf3 10. gxf3 c6 11. Bg5 h6 12. Bxf6 Qxf6 13. a3 Nxf3+ 14. Kh1 Qf4 15. Bxf7+ Rxf7 16. Qxf3 Qxf3+ 17. Kg1 Rf6 18. Rfe1 Qxf2+ 19. Kh1 Rg6 20. Re2 Qf3+ 21. Rg2 Qxg2# 0-1

[Event "Zagreb GP U16"]
[Site "Zagreb"]
[Date "2013.05.28"]
[Round "3"]
[White "Paradzik, Berislav"]
[Black "Baljak, Emma"]
[Result "1-0"]
[WhiteElo "1643"]
[BlackElo "1645"]
[PlyCount "49"]
[EventDate "2013.05.26"]
[EventType "swiss"]
[EventRounds "6"]
[EventCountry "CRO"]
[SourceTitle "CBM 154 Extra"]
[Source "ChessBase"]
[SourceDate "2013.06.25"]
[SourceVersion "2"]
[SourceVersionDate "2013.06.25"]
[SourceQuality "1"]

1. d4 g6 2. c4 Bg7 3. e4 Nf6 4. e5 Ne4 5. f3 Ng5 6. Bxg5 0-0 7. Bd3 d6 8. f4 dxe5 9. fxe5 Nc6 10. Nf3 Nxd4 11. Nxd4 Qxd4 12. Qe2 Qd7 13. 0-0 Qg4 14. Qxg4 Bxg4 15. Bxe7 Rfe8 16. Bf6 Bxf6 17. exf6 Rad8 18. h3 Bf5 19. Bxf5 gxf5 20. Nc3 Re5 21. Rad1 Rde8 22. Rd7 Re1 23. Rxe1 Rxe1+ 24. Kh2 Rb1 25. Rd8# 1-0